=LDR 00000nam 2200000 4500 =001 INLIS000000000040334 =005 20221108102740 =035 ##$$a 0010-061300000040334 =008 221108################g##########0#ind## =041 ##$$a Ind =082 ##$$a 028.5 =090 ##$$a F Rom K, Ali c =100 ##$$a Petigny, Aline de =245 1#$$a Camille pergi ke dokter /$c Aline de Petigny; alih bahasa, Donna Widjajayanto =260 ##$$a Jakarta :$b Gramedia,$c 2006 =300 ##$$a 16 hlm : $b Ilus ; $c 20 cm =650 #4$$a Bacaan Kanak - kanak =850 ##$$a NBPNMAT =020 ##$$a 979-22-2432-7 =084 ##$$a 028.5 PET c =700 #$$a Wijayanto, Donna =990 ##$$a 21105433